000 00740nam a2200253 i 4500
003 DO-SdBNP
005 20251029094201.0
007 ta
008 240314s2010 dr o 000 j spa d
020 _a9789945466164
040 _aDO-SdBNP
_bspa
_cBNPHU
_erda
082 4 _bC355m
_222
100 1 _aCastro Burdiez, Tomás
_eautor
_983484
245 1 0 _aEl melao de sobeida /
_cTomás Castro Burdiez
264 1 _aSanto Domingo :
_bEdiciones Educarte,
_c2010
300 _a32 páginas, ;
_c16 cm.
336 _2rdacontent
_atexto
_btxt
337 _2rdamedia
_asin mediación
_bn
338 _2rdacarrier
_avolumen
_bnc
490 _aCuadernos versos y reversos ;
_v2
590 _aInventariado, 2024/ DG
910 _aDG
942 _2ddc
_cLF2
999 _c56097
_d56097